000 00609nam a2200229 a 4500
001 BRCA_3955
005 20190320204505.0
008 130110s1925----gw-a######---#000-0#ger-#
041 _ager
044 _agw
050 4 _aN2325
_b.K38 1925
245 1 0 _aKatalog der Älteren Pinakothek zu München.
250 _a15
260 _aMunich
_bC. Gerber
_c1925
300 _axxxix, 220 p.
_bil., 192 láminas
_c18 cm.
500 _aCDE15
610 2 4 _aPinakothek, Alte (Munich)
_97742
650 1 4 _aGalerías y museos
_zAlemania
_95059
650 1 4 _aPinturas
_zMunich
_97744
902 _aGFM
942 _2lcc
_cB
999 _c3682
_d3682